|
|
|
|
| LEADER |
00923nam a2200265 a 4500 |
| 001 |
4313715 |
| 008 |
111115s1991 nyua b 001 0 eng |
| 010 |
|
|
|a 87021163
|
| 020 |
|
|
|a 0060451602
|
| 020 |
|
|
|a 0060451548 (pbk.)
|
| 040 |
|
|
|a DLC
|c DLC
|d DLC
|d BD-DhAAL
|
| 050 |
0 |
0 |
|a H85
|b .C66 1988
|
| 082 |
0 |
0 |
|a 300
|2 19
|
| 100 |
1 |
|
|a Perry, John A.
|q (John Ambrose),
|d 1931-
|
| 245 |
1 |
0 |
|a Contemporary society :
|b an introduction to social science /
|c John A. Perry, Erna K. Perry.
|
| 250 |
|
|
|a 6th ed.
|
| 260 |
|
|
|a New York :
|b Harper & Row,
|c c1991.
|
| 300 |
|
|
|a xviii, 652 p. :
|b ill. ;
|c 24 cm.
|
| 504 |
|
|
|a Includes bibliographies and index.
|
| 541 |
|
|
|e 00008130
|
| 650 |
|
0 |
|a Social sciences.
|
| 700 |
1 |
|
|a Perry, Erna.
|
| 852 |
1 |
|
|a Ayesha Abed Library
|c General shelf.
|
| 999 |
|
|
|c 11402
|d 11402
|
| 952 |
|
|
|0 0
|1 0
|2 ddc
|4 0
|6 300_PER
|7 0
|9 18540
|a BRACUL
|b BRACUL
|c GEN
|d 2011-11-15
|l 0
|o 300 PER
|p 3010008130
|r 2011-11-15
|t 1
|w 2011-11-15
|y BK
|